Catálogo
 En Linea

La rebelión de esclavos de Santo Domingo de 1521 y las leyes sobre esclavos de 1522: (Registro nro. 52781)

Detalles MARC
000 -CABECERA
campo de control de longitud fija 04143nam a2200421 i 4500
003 - IDENTIFICADOR DEL NÚMERO DE CONTROL
campo de control DO-SdBNP
005 - FECHA Y HORA DE LA ÚLTIMA TRANSACCIÓN
campo de control 20240515155537.0
006 - CÓDIGOS DE INFORMACIÓN DE LONGITUD FIJA--CARACTERÍSTICAS DEL MATERIAL ADICIONAL
campo de control de longitud fija a||||gr|||| 00| 0
007 - CAMPO FIJO DE DESCRIPCIÓN FÍSICA--INFORMACIÓN GENERAL
campo de control de longitud fija ta
008 - DATOS DE LONGITUD FIJA--INFORMACIÓN GENERAL
campo de control de longitud fija 221103e2021 dr ah||gr|||| 001 e spa d
020 ## - NÚMERO INTERNACIONAL ESTÁNDAR DEL LIBRO
Número Internacional Estándar del Libro 9789945931914
040 ## - FUENTE DE LA CATALOGACIÓN
Centro catalogador/agencia de origen DO-SdBNP
Lengua de catalogación spa
Centro/agencia transcriptor BNPHU
Normas de descripción rda
082 #4 - NÚMERO DE LA CLASIFICACIÓN DECIMAL DEWEY
Número de edición 22
Número de documento/Ítem A174r
100 ## - ENTRADA PRINCIPAL--NOMBRE DE PERSONA
9 (RLIN) 73379
Nombre de persona Acevedo, Anthony Stevens
Término indicativo de función/relación autor
245 13 - MENCIÓN DE TÍTULO
Título La rebelión de esclavos de Santo Domingo de 1521 y las leyes sobre esclavos de 1522:
Resto del título esclavitud negra y resistencia negra al comienzo de la América colonial. /
Mención de responsabilidad, etc. Anthony Stevens-Acevedo; prólogo, Ramona Hernández
264 ## - PRODUCCIÓN, PUBLICACIÓN, DISTRIBUCIÓN, FABRICACIÓN Y COPYRIGHT
Producción, publicación, distribución, fabricación y copyright Santo Domingo :
Nombre del de productor, editor, distribuidor, fabricante Universitaria Bonó,
Fecha de producción, publicación, distribución, fabricación o copyright 2021
300 ## - DESCRIPCIÓN FÍSICA
Extensión 146 páginas :
Otras características físicas ilustraciones, facsímil ;
Dimensiones 22 cm.
336 ## - TIPO DE CONTENIDO
Fuente rdacontent
Término de tipo de contenido texto
Código de tipo de contenido txt
337 ## - TIPO DE MEDIO
Fuente rdamedia
Nombre/término del tipo de medio sin mediación
Código del tipo de medio n
338 ## - TIPO DE SOPORTE
Fuente rdacarrier
Nombre/término del tipo de soporte volumen
Código del tipo de soporte nc
500 ## - NOTA GENERAL
Nota general Incluye datos biográficos del autor en la contracubierta.
500 ## - NOTA GENERAL
Nota general Incluye bibliografía y notas al pié de páginas.
504 ## - NOTA DE BIBLIOGRAFÍA, ETC.
Nota de bibliografía, etc. Bibliografía: páginas 139 - 146
505 ## - NOTA DE CONTENIDO CON FORMATO
Nota de contenido con formato Prólogo.
Información miscelánea Introducción.
Título Una breve historia de esta monografía.--
-- Historiografía y memoria de la primera rebelión antiesclavista de América: Un anacronismo que duró demasiado.--
-- El posible lugar o escenario del comienzo de la rebelión de 1521.
-- La rebelión de 1521 y las leyes de 1522 sobre negros y esclavos en la Española: Un estudio.--
-- Un dilema de los colonizadores: los esclavos como herramienta y los esclavos como amenaza.--
-- Castigo más severo y vigilancia incrementada contra los negros, visto como la solución.--
-- No todos los esclavos eran negros en La Española a comienzo de 1522.--
-- La huidas de esclavos antes de 1522 y las leyes que intentaron impedirlas.--
-- La rebelión de 1521 como acción colectiva planificada.--
-- Un dilema de los colonizadores: los esclavos como herramienta y los esclavos como amenaza.--
-- Castigos máas severos y vigilancia incrementada contra los negros, visto como la solución.--
-- ¿Un permiso de diez días de escapada para los esclavos?.--
-- La campaña contra los esclavos rebeldes de fines de diciembre de 1521 no acabó con las rebeliones.--
-- Posibles omisiones de los dueños al avisar sobre el cimarronaje de sus esclavos.--
-- El acceso de negros y esclavos a armas antes de 1522.--
-- Autonomía de movimiento de los esclavos anterior a 1522.--
-- El encadenamiento de esclavos parece haber sido resistido por algunos en la Española antes de 1522.--
-- Denuncia de conductas socialmente desviadas de negros y esclavos en Santo Domingo urbano.--
-- Un fondo común como seguro contra pérdida de esclavos por los dueños.--
-- ¿Vigilantismo incipiente en 1522?.--
-- Los esclavos fugitivos a veces eran ayudados y escondidos por otras personas en la Española.--
-- Promoción de la formación de familias esclavas como herramienta para mantener el orden social esclavista.--
-- La segregación y jerarquía sociales se fortalecieron con la promoción de la vigilancia de los esclavizados por los libres.--
-- Impacto de las leyes de 1522.--
-- Conclusión.--
-- Apéndices.--
-- Transcripciones.
534 ## - NOTA SOBRE LA VERSIÓN ORIGINAL
Encabezamiento principal del original Título original en inglés: The Santo Domingo Slave Rebellion of 1521 and the Slave Laws of 1522: Black Slavery and Black Resistance in the Early Colonial Americas. (Source for a Quincentenial).
Publicación, distribución, etc. del original Publicado por CUNY Dominican Studies Institute, The City College of New York, 2019.
546 ## - NOTA DE LENGUA/LENGUAJE
Nota de lengua/lenguaje Traducido del inglés al español.
590 ## - NOTA LOCAL (RLIN)
Nota local Inventariado 2024 / MF
650 #4 - PUNTO DE ACCESO ADICIONAL DE MATERIA--TÉRMINO DE MATERIA
9 (RLIN) 17936
Término de materia o nombre geográfico como elemento de entrada Esclavos
Subdivisión general Historia
Subdivisión cronológica 1500 - 1599
Subdivisión geográfica República Dominicana
650 #4 - PUNTO DE ACCESO ADICIONAL DE MATERIA--TÉRMINO DE MATERIA
9 (RLIN) 4128
Término de materia o nombre geográfico como elemento de entrada Insurrección de Esclavos
Subdivisión cronológica Siglo XVI
Subdivisión geográfica Santo Domingo, República Dominicana
650 #4 - PUNTO DE ACCESO ADICIONAL DE MATERIA--TÉRMINO DE MATERIA
9 (RLIN) 28343
Término de materia o nombre geográfico como elemento de entrada Esclavitud
Subdivisión general Historia
Subdivisión cronológica Siglo XVI
Subdivisión geográfica República Dominicana
650 #4 - PUNTO DE ACCESO ADICIONAL DE MATERIA--TÉRMINO DE MATERIA
9 (RLIN) 51164
Término de materia o nombre geográfico como elemento de entrada Esclavitud
Subdivisión general Ley y Legislación
Subdivisión geográfica República Dominicana
651 #4 - PUNTO DE ACCESO ADICIONAL DE MATERIA--NOMBRE GEOGRÁFICO
Nombre geográfico República Dominicana
Subdivisión de forma Esclavo
Subdivisión general Historia
Subdivisión cronológica 1500 - 1599
9 (RLIN) 82697
651 #4 - PUNTO DE ACCESO ADICIONAL DE MATERIA--NOMBRE GEOGRÁFICO
Nombre geográfico República Dominicana
Subdivisión de forma Esclavitud
Subdivisión general Historia
Subdivisión cronológica Siglo XVI
9 (RLIN) 82698
700 1# - PUNTO DE ACCESO ADICIONAL--NOMBRE DE PERSONA
9 (RLIN) 10103
Nombre de persona Hernández, Ramona
Término indicativo de función/relación prólogo
710 2# - PUNTO DE ACCESO ADICIONAL--NOMBRE DE ENTIDAD CORPORATIVA
9 (RLIN) 63871
Nombre de entidad corporativa o nombre de jurisdicción como elemento de entrada Dominican Studies Institute (CUNY)
710 2# - PUNTO DE ACCESO ADICIONAL--NOMBRE DE ENTIDAD CORPORATIVA
Nombre de entidad corporativa o nombre de jurisdicción como elemento de entrada Fundación Juan Bosch
9 (RLIN) 84953
942 ## - ELEMENTOS DE PUNTO DE ACCESO ADICIONAL (KOHA)
Fuente del sistema de clasificación o colocación Dewey Decimal Classification
Tipo de ítem Koha Libro
Existencias
Estado de retiro Estado de pérdida Fuente del sistema de clasificación o colocación Restricciones de uso No para préstamo Código de colección Localización permanente Ubicación/localización actual Ubicación en estantería Fecha de adquisición Fuente de adquisición Total de préstamos Signatura topográfica completa Código de barras Fecha visto por última vez Precio válido a partir de Tipo de ítem Koha Número de copia
    Dewey Decimal Classification Excluido de préstamo   Patrimonio Dominicano Biblioteca Nacional Pedro Henríquez Ureña Biblioteca Nacional Pedro Henríquez Ureña En catalogación 09.05.2022 Depósito legal / Editora Búho   S843r 2022-4899 03.11.2022 03.11.2022 Libro  
    Dewey Decimal Classification Excluido de préstamo   Patrimonio Dominicano Biblioteca Nacional Pedro Henríquez Ureña Biblioteca Nacional Pedro Henríquez Ureña En catalogación 09.05.2022 Depósito legal / Editora Búho   S843r 2022-4900 03.11.2022 03.11.2022 Libro e.2
    Dewey Decimal Classification Préstamo en sala   Dominicana de Servicio Biblioteca Nacional Pedro Henríquez Ureña Biblioteca Nacional Pedro Henríquez Ureña En catalogación 09.05.2022 Depósito legal / Editora Búho   S843r 2022-4901 03.11.2022 03.11.2022 Libro e.3

Con tecnología Koha